000 01053njm a2200289Ia 4500
001 24009
003 IT-RoPAU
005 20220918181206.0
008 131025s9999 xx 000 0 und d
040 _aIT-RoPAU
040 _cIT-RoPAU
999 _c103461
_d103461
999 _bn.d.
100 _aBach Johann Christian
_98226
100 _eAutore musica
_98227
100 _gCodice autore musica SPICS: 13796
_98228
245 _aJohann Christian Bach (Lp H-71165)
250 _a1a ed.
260 _aNEW YORK
260 _bNONESUCH RECORDS
_c1967 [1a Ed.:1967]
300 _aDISCO
300 _c52 minuti (Testo: pag.)
500 _aMusica classica. Musica sinfonica. Violino, violoncello, flauto. Oboe
505 _aSinfonia in d mag For Double Orchestra op 18 n. 3 - Sinfonia in e mag For Double Orchestra op 18 n. 5 - Sinfonia concertante in c mag For flauto, Oboe, Violino, Violoncello & Orchestra.
511 _aThe Little Orchestra of London diretta da Jones Leslie
650 _aSINFONICA [DISCHI]
_eCodice MATERIA SPICS: 9950
_91288
942 _cMD
_2ddc